Tổng tập văn học dân gian người Việt. t.IV, Truyền thuyết dân gian người Việt
Shranjeno v:
| Format: | Sách giấy |
|---|---|
| Jezik: | Vietnamese |
| Izdano: |
H. :
Khoa học Xã hội,
2004
|
| Teme: | |
| Oznake: |
Označite
Brez oznak, prvi označite!
|
| Thư viện lưu trữ: | Thư viện Trường Đại học Đà Lạt |
|---|
| LEADER | 00812nam a2200313 4500 | ||
|---|---|---|---|
| 001 | DLU050030780 | ||
| 005 | ##20050110 | ||
| 040 | # | # | |a DLU |b vie |
| 041 | # | # | |a vie |
| 044 | # | # | |a vn |
| 082 | # | # | |a 398.209 597 |b Ton |
| 245 | # | # | |a Tổng tập văn học dân gian người Việt. |n t.IV, |p Truyền thuyết dân gian người Việt |
| 260 | # | # | |a H. : |b Khoa học Xã hội, |c 2004 |
| 300 | # | # | |a 957 tr. ; |c 24 cm |
| 653 | # | # | |a Sưu tầm văn học |
| 653 | # | # | |a Truyền thuyết |
| 653 | # | # | |a Văn học dân gian Việt Nam |
| 653 | # | # | |a Văn học Việt Nam |
| 923 | # | # | |a 57/2004 |
| 990 | # | # | |a t.IV |
| 992 | # | # | |a 47.900 |
| 994 | # | # | |a DLU |
| 900 | # | # | |a True |
| 911 | # | # | |a Đào Thị Thu Huyền |
| 925 | # | # | |a G |
| 926 | # | # | |a A |
| 927 | # | # | |a SH |
| 980 | # | # | |a Thư viện Trường Đại học Đà Lạt |